Nubica III/I : Internationales Jahrbuch für Koptische, meroitisch-nubische, äthiopische und verwandte Studien /

Saved in:

Other Authors: Stefan Jakobielski (Editor), Peter Nagel (Editor), Paul Yule (Editor)

Format: Book

Language: German

Published: Warszawa : Litterae et Artes, 1994.

Subjects:

Tags: Add Tag

No Tags, Be the first to tag this record!

Call Number: DT159.6 .N83 N98

LEADER 00856nam a22002417a 4500
003 OSt
005 20260512111732.0
008 260512t1994||||pl a |||||||||| ||ger||
020 |a 09394672 
050 1 4 |a DT159.6 .N83  |b N98 
245 1 0 |a Nubica III/I :   |b Internationales Jahrbuch für Koptische, meroitisch-nubische, äthiopische und verwandte Studien /   |c von Piotr O. Scholz 
264 1 |a Warszawa :   |b Litterae et Artes,   |c 1994. 
300 |a 415 pages :   |b illistrations ;   |c 24 cm. 
500 |a Demande de numérotation ISSN en cours (identifiant Cidemis : 115687)  
650 4 |a Antiquités Éthiopie Antiquité  
650 4 |a Antiquités Nubie Antiquité  
650 4 |a Nubie  
650 4 |a Périodiques  
700 |a Stefan Jakobielski,  |e editor. 
700 |a Peter Nagel,  |e editor. 
700 |a Paul Yule,  |e editor. 
942 |2 lcc  |c BK 
999 |c 58299  |d 58299